[Event "IV Copa Marcel Duchamp 2020"]
[Site "Montevideo"]
[Date "2020.02.08"]
[Round "1.1"]
[White "Delgado Ramirez, Neuris"]
[Black "Santiso, Daniel"]
[Result "1-0"]
[WhiteElo "2634"]
[BlackElo "1900"]
[Annotator "TA"]
[PlyCount "29"]
[EventDate "2020.02.08"]
[EventType "swiss"]
[EventCountry "URU"]
[SourceTitle "playchess.com"]
[Source "ChessBase"]
[SourceQuality "1"]

{[%evp 9,29,0,22,7,10,0,0,0,0,0,0,0,8,3,8,0,67,65,193,196,1044,880]} 1. e4 c5 2. Nf3 Nc6 3. b4 d6 4. bxc5 dxc5 5. Nc3 g6 6. Bb5 {B30: Sicilian: 2...Nc6 3 Bb5, lines without ...g6.} Bd7 7. Bxc6 Bxc6 {[#]} 8. Ne5 $146 {The position is equal.} ({Predecessor:} 8. O-O Bg7 9. Qe2 Nf6 10. d3 O-O 11. Ba3 Nd7 12. Qd2 Qc7 13. Kh1 b5 14. Bb2 b4 15. Nd1 Rad8 16. Bxg7 Kxg7 17. Nb2 Bb5 18. Nc4 Bxc4 19. dxc4 Ne5 {0-1 (19) Zavadilova,K-Palasek,J Sec u Chrudimi 2004}) 8... Qc7 9. Nxc6 Qxc6 10. O-O Bg7 11. Bb2 e6 12. Re1 Nf6 (12... Ne7 $11) 13. Nd5 $14 {[%mdl 64] [#] Pin} e5 (13... Nh5 $14 14. Bxg7 Nxg7) 14. Bxe5 $18 {Black must now prevent Nc7+.} O-O $2 (14... Kf8) 15. Ne7+ {[%mdl 64] Double Attack. Accuracy: White = 100%, Black = 46%.} 1-0

[Event "IV Copa Marcel Duchamp 2020"]
[Site "Montevideo"]
[Date "2020.02.08"]
[Round "1.2"]
[White "Avedisian, Alexander"]
[Black "Hernandez Guerrero, Gilberto"]
[Result "0-1"]
[WhiteElo "1892"]
[BlackElo "2557"]
[Annotator "TA"]
[PlyCount "52"]
[EventDate "2020.02.08"]
[EventType "swiss"]
[EventCountry "URU"]
[SourceTitle "playchess.com"]
[Source "ChessBase"]
[SourceQuality "1"]

{[%evp 20,56,-2,-4,26,28,14,15,14,19,11,-122,-98,-91,-96,-172,-173,-159,-16,-207,-193,-255,-246,-257,-264,-325,-317,-482,-477,-635,-643,-736,-720,-817,-795,-1360,-1297,-2735,-2580]} 1. g3 g6 2. Bg2 Bg7 3. c4 c5 4. Nc3 Nc6 5. d3 e6 6. e4 Nge7 7. Nge2 d6 8. O-O O-O 9. Be3 Nd4 10. Qd2 Nec6 11. Bh6 Ne5 {A36: Symmetrical English vs ...g6: 4 Bg2 Bg7.} 12. Nxd4 {Hoping for Bxg7.} cxd4 13. Ne2 Bxh6 {The position is equal.} 14. Qxh6 Qb6 {[#]} 15. f4 $146 {[#]} (15. Qd2 $11 {keeps the balance.}) ({Predecessor:} 15. Qd2 a5 16. b3 Bd7 17. h3 Nc6 18. Rab1 Qc5 19. f4 Rae8 20. Kh2 f5 21. Qb2 fxe4 22. Bxe4 {1-0 (38) Granados Gomez,M (2436)-Recuero Guerra,D (2350) Leon 2006}) 15... Ng4 $1 $17 {[%cal Rg4h6]} 16. Qg5 Ne3 $36 {[%mdl 2048] Black is really pushing.} 17. b3 (17. f5 $17 exf5 18. b3) 17... f6 $19 ({Resist} 17... Nxf1 18. Rxf1 f6 19. Qh6 $17) 18. Qh6 a5 (18... e5 $17 19. Rf3 Bg4) 19. Rab1 $2 (19. f5 $1 $11 gxf5 20. exf5) 19... e5 ({Don't do} 19... Nxf1 20. Rxf1 e5 21. f5 $17) 20. Bh3 (20. f5 {might work better.} gxf5 21. Bf3) 20... Nxf1 21. Rxf1 a4 22. f5 g5 ({Not} 22... axb3 23. fxg6 Qc7 24. Bxc8 $17) 23. b4 (23. Nc1 $142) 23... Qxb4 {Black is clearly winning.} 24. Kh1 Qd2 25. Bg4 b5 26. cxb5 Qxd3 {Played: Bc8-b7} 0-1

[Event "IV Copa Marcel Duchamp 2020"]
[Site "Montevideo"]
[Date "2020.02.08"]
[Round "1.3"]
[White "Tristan, Leonardo"]
[Black "Pustilnik, Iber"]
[Result "1-0"]
[WhiteElo "2533"]
[BlackElo "1892"]
[Annotator "TA"]
[PlyCount "99"]
[EventDate "2020.02.08"]
[EventType "swiss"]
[EventCountry "URU"]
[SourceTitle "playchess.com"]
[Source "ChessBase"]
[SourceQuality "1"]

{[%evp 14,99,85,75,102,99,88,89,124,108,111,105,111,111,111,90,191,187,193,188,188,181,191,171,170,175,215,197,194,42,39,20,134,125,120,22,31,24,0,21,14,8,10,10,55,0,5,0,0,0,0,-5,0,0,0,9,8,0,8,0,0,0,0,-18,110,7,25,6,7,-10,59,74,171,179,724,691,860,837,837,818,1005,995,918,901,2365,2291,1684,1584]} 1. d4 Nf6 2. Bg5 Ne4 3. Bf4 d6 4. f3 Nf6 5. e4 c5 6. dxc5 Qa5+ 7. Nc3 {[%cal Bb1c3,Bc3a4,Ba4b6][%mdl 32]} Qxc5 8. Qd2 a6 {A45: Trompowsky Attack.} 9. O-O-O Nc6 10. Na4 Qb4 {White is better.} 11. Qxb4 Nxb4 12. Nb6 Rb8 13. e5 Nd7 14. exd6 exd6 (14... e6 $16 {keeps fighting.}) 15. Nc4 $18 ({Weaker is} 15. Bxd6 Bxd6 16. Rxd6 Nxa2+ 17. Kb1 Nb4 $11) 15... Ne5 {[#]} 16. Nxe5 $146 ({Predecessor:} 16. Nxd6+ Bxd6 17. Rxd6 f6 18. Bxe5 fxe5 19. a3 Ke7 20. Rd2 Nc6 21. Ne2 Be6 22. Nc3 {1-0 (71) Solaesa Navalpotro,L (2251)-Ortiz Herranz,E (2243) Madrid 2010}) 16... dxe5 17. Bxe5 Ra8 18. Bc4 Bf5 19. Bc3 Nxc2 20. Rd5 Bg6 {[#]} 21. Re5+ $2 (21. Nh3 $1 $18) 21... Kd7 $1 $14 22. Nh3 {Black must now prevent Rd1+.} Nb4 (22... Rc8 $11 23. Rd1+ Bd6) 23. Rd1+ $16 Kc7 24. Ng5 (24. Nf4 $16) 24... Bd6 $1 $11 25. Nxf7 (25. Re2 {seems wilder.} Rhe8 26. Rxe8 Bf4+ 27. Bd2 Bxd2+ 28. Kxd2 Rxe8 29. Rc1) 25... Bxf7 26. Bxf7 {Strongly threatening Rh5.} Bxe5 27. Bxe5+ Kb6 $1 28. Bd4+ Kc7 29. Be5+ Kb6 $1 30. Rd6+ Nc6 31. Bxg7 Rhd8 32. Rf6 Rd7 33. Bh6 Rad8 34. Be3+ Kc7 {And now ...Rf8 would win.} 35. Bf4+ Kb6 $132 {[%mdl 2048] ...Rf8 is the strong threat. Black is not keeping still} 36. Be3+ Kc7 {Threatens to win with ...Rf8.} 37. Bb3 Kb8 38. a3 Ka8 {[#]} (38... Nd4 $11 {keeps the balance.} 39. Bf4+ Ka8) 39. Bb6 (39. Bc2 $1 $16) 39... Re8 40. Ba4 Rc8 41. Kb1 Rg7 (41... Rd2 $11) 42. g4 $14 Ne7 (42... Rg6 $16 43. Rxg6 hxg6) 43. Bd4 $18 Nc6 $2 (43... Ng6 44. Rxa6+ {[%mdl 64] Discovered Attack} bxa6 45. Bxg7 Rc7) 44. Rxc6 {[%mdl 64] Discovered Attack. White is clearly winning.} bxc6 45. Bxg7 Kb7 46. Bb3 Rd8 47. f4 Rd3 48. Kc2 Rh3 49. f5 Rxh2+ 50. Kb1 {Accuracy: White = 81%, Black = 55%.} 1-0

[Event "IV Copa Marcel Duchamp 2020"]
[Site "Montevideo"]
[Date "2020.02.08"]
[Round "1.4"]
[White "Belistri, Ubaldo"]
[Black "Lima, Darcy"]
[Result "0-1"]
[WhiteElo "1877"]
[BlackElo "2526"]
[Annotator "TA"]
[PlyCount "52"]
[EventDate "2020.02.08"]
[EventType "swiss"]
[EventCountry "URU"]
[SourceTitle "playchess.com"]
[Source "ChessBase"]
[SourceQuality "1"]

{[%evp 12,58,22,-17,-1,-4,0,-7,44,0,12,-17,0,0,0,-150,-156,-156,-148,-160,-168,-180,-172,-208,-187,-183,-173,-171,-155,-150,-149,-208,-182,-166,-148,-320,-332,-324,-339,-455,-461,-670,-671,-671,-671,-666,-658,-636,-654]} 1. d4 Nf6 2. Nf3 e6 3. c4 c5 4. Nc3 cxd4 5. Nxd4 Nc6 6. g3 Qb6 7. Nc2 {7.Ndb5 is a critical line.} Bc5 {A33: Symmetrical English: 2 Nf3 Nf6 3 d4 cxd4 4 Nxd4 e6 5 Nc3 Nc6.} 8. e3 O-O 9. Bg2 Ne5 {[#]} (9... d5 $11) 10. Qe2 $146 ({Predecessor:} 10. b3 Qa5 11. Bd2 Qc7 12. O-O d5 13. cxd5 exd5 14. Na4 Be7 15. Nd4 Bg4 16. f3 {½-½ (61) Lehtivaara,P (2303)-Jantti,P (2101) Finland 2013}) 10... d5 11. cxd5 exd5 12. O-O $1 Bg4 $36 {[%mdl 2048] Black fights for an advantage.} 13. Qb5 (13. Qd2 $11) 13... Qxb5 $17 {[%mdl 64] [#] Overworked Piece} 14. Nxb5 Be2 {[%mdl 64] Double Attack} 15. Nc3 Bxf1 16. Kxf1 Rfd8 17. Na4 Bf8 18. Nd4 Rac8 19. Bh3 Rc7 20. Bd2 Re8 21. Ke2 (21. Rd1 $17 {keeps fighting.}) 21... Ne4 22. Be1 g6 23. f3 $2 (23. Nc3 $17) 23... Ng5 $19 24. Bg2 Ne6 {[%mdl 64] [#] aiming for ...Nxd4+. Overworked Piece} 25. Nxe6 Rc2+ {Black is clearly winning.} ({Weaker is} 25... fxe6 26. Nc3 $19) ({Less strong is} 25... Rxe6 26. Nc3 $19) 26. Bd2 (26. Kf1 $142 fxe6 27. Kg1) 26... Bb4 {Played: Ne5-c4} 0-1

[Event "IV Copa Marcel Duchamp 2020"]
[Site "Montevideo"]
[Date "2020.02.08"]
[Round "1.5"]
[White "Vazquez, Guillermo"]
[Black "Palacio, Enzo"]
[Result "1-0"]
[WhiteElo "2524"]
[BlackElo "1869"]
[Annotator "TA"]
[PlyCount "71"]
[EventDate "2020.02.08"]
[EventType "swiss"]
[EventCountry "URU"]
[SourceTitle "playchess.com"]
[Source "ChessBase"]
[SourceQuality "1"]

{[%evp 11,71,18,25,0,0,0,15,8,16,5,38,25,52,9,17,25,77,86,122,106,108,81,75,77,70,88,83,79,120,113,205,196,282,274,295,297,355,328,443,366,309,314,412,364,361,366,433,417,436,404,407,411,401,351,429,424,504,515,600,593,936,937]} 1. e4 c5 2. Nf3 d6 3. d4 cxd4 4. Qxd4 Nc6 5. Bb5 Bd7 6. Qd3 g6 7. c4 {B53: Sicilian: 2...d6: Lines with Qxd4.} Bg7 8. Nc3 Nf6 9. O-O {The position is equal.} O-O 10. h3 {[#]} Qc7 $146 ({Predecessor:} 10... a6 11. Bxc6 Bxc6 12. Nd4 Rc8 13. Be3 Bd7 14. Rac1 h6 15. b3 Qa5 16. Qd2 Kh7 {½-½ (32) Chigaev,M (2616)-Li,C (2683) chess.com INT 2020}) 11. Bg5 Nb4 12. Qe2 (12. Qd2 {is interesting.} Be6 13. Rac1 a6 14. Nd5 Qd8 15. Qxb4 axb5 16. Qxb5 Rxa2 17. Ra1) 12... a6 13. Bxd7 Qxd7 (13... Nxd7 $11 14. Nd5 (14. Bxe7 Rfe8 $11) 14... Nxd5 15. cxd5 (15. exd5 Rae8 $11) 15... Rfc8) 14. Rad1 $16 Qc7 15. a3 Nc6 16. Bxf6 exf6 17. Nd5 Qd8 18. Rfe1 $36 {[%mdl 2048] White has strong initiative.} Re8 19. Qd3 Ne5 20. Nxe5 dxe5 (20... fxe5 $16 21. b3 Rb8) 21. c5 $18 f5 (21... Rb8 {was worth a try.} 22. Qc2 Rc8) 22. exf5 gxf5 23. Qxf5 Rb8 24. b4 h6 25. Ne3 Qf6 26. Rd7 Re6 27. Qxf6 Bxf6 28. Nf5 Bg7 29. Nd6 e4 30. Rxb7 Rxb7 31. Nxb7 {KRB-KRN} Bb2 32. Re3 Bd4 33. Re2 {White is clearly winning.} f5 34. Nd6 e3 35. Nxf5 {[%mdl 64] Double Attack} exf2+ {[#]} 36. Kf1 $1 {Accuracy: White = 84%, Black = 36%.} 1-0

[Event "IV Copa Marcel Duchamp 2020"]
[Site "Montevideo"]
[Date "2020.02.08"]
[Round "1.6"]
[White "Urrestarazu, Diego"]
[Black "Hungaski, Robert"]
[Result "0-1"]
[WhiteElo "1837"]
[BlackElo "2504"]
[Annotator "ChessBase"]
[PlyCount "80"]
[EventDate "2020.02.08"]
[EventType "swiss"]
[EventCountry "URU"]
[SourceTitle "playchess.com"]
[Source "ChessBase"]
[SourceQuality "1"]
[TimeControl "5400+30"]

1. c4 {[%emt 0:00:12]} e5 {[%emt 0:00:00]} 2. Nc3 {[%emt 0:00:08]} Nf6 {[%emt 0:00:00]} 3. g3 {[%emt 0:00:24]} d5 {[%emt 0:00:00]} 4. cxd5 {[%emt 0:00:12]} Nxd5 {[%emt 0:00:00]} 5. Bg2 {[%emt 0:00:17]} Nb6 {[%emt 0:00:00]} 6. d3 {[%emt 0:00:52]} Be7 {[%emt 0:00:12]} 7. Nf3 {[%emt 0:00:38]} Nc6 {[%emt 0:00:06]} 8. O-O {[%emt 0:00:21]} O-O {[%emt 0:00:06]} 9. Be3 {[%emt 0:02:33]} Bg4 {[%emt 0:05:14]} 10. Qd2 {[%emt 0:06:28]} Re8 {[%emt 0:03:08]} 11. Rac1 {[%emt 0:11:46]} Bf8 {[%emt 0:05:59]} 12. h3 {[%emt 0:05:22]} Bh5 {[%emt 0:01:48]} 13. Rfd1 {[%emt 0:07:29]} Nd4 {[%emt 0:04:27]} 14. Bxd4 {[%emt 0:06:48]} exd4 {[%emt 0:00:12]} 15. Ne4 {[%emt 0:02:28]} c6 {[%emt 0:09:21]} 16. Nc5 {[%emt 0:08:01]} Bxc5 {[%emt 0:09:45]} 17. Rxc5 {[%emt 0:00:08]} Bxf3 {[%emt 0:02:25]} 18. Bxf3 {[%emt 0:01:07]} Nd7 {[%emt 0:04:09]} 19. Rf5 {[%emt 0:07:07]} g6 {[%emt 0:07:51]} 20. Rf4 {[%emt 0:07:21]} Nf8 {[%emt 0:00:56]} 21. Qb4 {[%emt 0:09:25]} Ne6 {[%emt 0:00:29]} 22. Rh4 {[%emt 0:01:28]} Qb6 {[%emt 0:02:18]} 23. Qd2 {[%emt 0:02:10]} a5 {[%emt 0:04:45]} 24. Rc1 {[%emt 0:09:50]} Qb4 {[%emt 0:01:04]} 25. Qh6 {[%emt 0:01:32]} Nf8 {[%emt 0:00:13]} 26. Rc4 {[%emt 0:02:29]} Qxb2 {[%emt 0:01:36]} 27. Rcxd4 {[%emt 0:00:17]} Qxa2 {[%emt 0:01:47]} 28. Rd7 {[%emt 0:05:52]} Qa1+ {[%emt 0:02:30]} 29. Kg2 {[%emt 0:00:13]} Nxd7 {[%emt 0:00:14]} 30. Qxh7+ {[%emt 0:00:25]} Kf8 {[%emt 0:00:08]} 31. d4 {[%emt 0:00:31]} Ke7 {[%emt 0:04:50]} 32. Rf4 {[%emt 0:00:49]} Rf8 {[%emt 0:04:57]} 33. Qh4+ {[%emt 0:00:28]} Kd6 {[%emt 0:02:17]} 34. Re4 {[%emt 0:00:46]} Kc7 {[%emt 0:02:05]} 35. Qf4+ {[%emt 0:00:23]} Kb6 {[%emt 0:05:45]} 36. d5 {[%emt 0:00:36]} Qf6 {[%emt 0:05:53]} 37. Qe3+ {[%emt 0:00:23]} c5 {[%emt 0:01:52]} 38. Qb3+ {[%emt 0:00:33]} Kc7 {[%emt 0:01:37]} 39. Rf4 {[%emt 0:00:59]} Qd6 {[%emt 0:00:17]} 40. e4 {[%emt 0:00:28]} f6 {[%emt 0:02:06]} 0-1

[Event "IV Copa Marcel Duchamp 2020"]
[Site "Montevideo"]
[Date "2020.02.08"]
[Round "1.7"]
[White "Rodriguez Vila, Andres"]
[Black "Barandiaran, Gabriel"]
[Result "1-0"]
[WhiteElo "2492"]
[BlackElo "1834"]
[Annotator "TA"]
[PlyCount "73"]
[EventDate "2020.02.08"]
[EventType "swiss"]
[EventCountry "URU"]
[SourceTitle "playchess.com"]
[Source "ChessBase"]
[SourceQuality "1"]

{[%evp 17,73,14,26,0,45,45,53,52,53,61,106,98,94,31,37,40,43,41,42,38,28,0,28,33,32,0,168,171,176,87,85,26,37,32,26,31,19,0,16,0,0,0,0,-22,-22,-21,-14,-34,-37,-45,0,0,70,44,754,248,743,743]} 1. e4 e5 2. Nf3 Nc6 3. Bc4 Bc5 4. O-O d6 5. c3 Nf6 6. d4 exd4 7. cxd4 Bb6 8. Nc3 Bg4 9. Be3 O-O 10. Bb3 {C56: Two Knights: 4 d4 exd4 5 0-0 Nxe4.} Bxf3 11. gxf3 Qd7 12. Kh1 {[#] White is slightly better.} Kh8 $146 ({Predecessor:} 12... Qh3 13. Rg1 Nh5 14. Nd5 Rae8 15. Nxb6 axb6 16. Rg5 g6 17. Bc4 Qh4 18. Rg4 Qf6 {1-0 (40) Sedykh,A (2120)-Begishev,S (1938) Novosibirsk 2010}) 13. Rg1 Rae8 14. Ba4 {And now d5 would win.} d5 15. Bg5 (15. Qf1 $16) 15... Qe6 $1 $14 16. Bxf6 Qxf6 17. exd5 Nxd4 18. Bxe8 Rxe8 19. Rg3 Nf5 20. Rg4 Bxf2 {next ...Re1+ is good for Black.} 21. Re4 (21. Ne4 $5 {[%cal Re4f6]} Qb6 22. Qa4 $14) 21... Rxe4 $2 (21... Rg8 $11 {and Black stays safe.}) 22. Nxe4 $18 Qb6 23. Qa4 (23. Qb3 $18) 23... g6 $16 24. Qe8+ Kg7 25. Qe5+ f6 26. Qc3 {aiming for d6!} Bd4 27. Qc2 Be5 28. Re1 Qa5 29. Nc3 Qc5 30. Qd2 Qc4 31. Ne4 Qxa2 {Threatening ...Qb3.} 32. f4 Bd4 33. Rc1 Qxd5 34. Rxc7+ Kh6 (34... Kg8 $11 35. Rc8+ Kf7) 35. Qg2 $1 $14 {[%cal Rg2h3] White wants to mate with Qh3+.} Nh4 $2 {[%mdl 8192] [#]} (35... Ne3 $14 36. Qh3+ Qh5 37. Qxh5+ Kxh5) 36. Rxh7+ $1 $18 {[%mdl 576] Decoy} Kxh7 {[#]} 37. Nxf6+ $1 {[%mdl 576] Discovered Attack. Accuracy: White = 72%, Black = 68%.} 1-0

[Event "IV Copa Marcel Duchamp 2020"]
[Site "Montevideo"]
[Date "2020.02.08"]
[Round "1.8"]
[White "Zaruski, Julio"]
[Black "Hoffman, Alejandro"]
[Result "0-1"]
[WhiteElo "1822"]
[BlackElo "2472"]
[Annotator "TA"]
[PlyCount "92"]
[EventDate "2020.02.08"]
[EventType "swiss"]
[EventCountry "URU"]
[SourceTitle "playchess.com"]
[Source "ChessBase"]
[SourceQuality "1"]

{[%evp 11,121,0,10,2,16,21,33,24,29,18,67,35,40,-31,0,-46,-25,-58,16,19,31,25,35,42,131,131,197,5,61,30,134,141,204,154,158,146,266,241,237,188,268,257,229,211,198,224,194,56,86,12,33,-183,-20,-173,0,0,0,0,0,-28,0,-201,-193,-192,-196,-831,-130,-127,-129,-192,-182,-188,-157,-327,-333,-327,-293,-311,-301,-351,-385,-456,-446,-432,-430,-700,-625,-630,-599,-751,-453,-597,-606,-586,-500,-1026,-1289,-29987,-967,-783,-710,-1248,-1545,-29979,-29980,-29988,-29989,-29988,-29981,-29983,-6535,-2464]} 1. c4 g6 2. g3 Bg7 3. Bg2 e5 4. e4 d6 5. Nc3 Nc6 6. Nge2 h5 7. h3 {A25: English Opening vs King's Indian with ...Nc6 but without early d3.} Nh6 8. d3 Be6 {[#]} 9. Rb1 $146 {White is slightly better.} ({Predecessor:} 9. Nd5 f5 10. h4 Nf7 11. Be3 O-O 12. Qd2 a6 13. Rc1 Qd7 14. O-O a5 15. b3 {0-1 (48) McShane,L (2664)-Efimenko,Z (2701) Wijk aan Zee 2011}) 9... f5 10. exf5 gxf5 11. Be3 h4 12. Bd5 (12. d4 $1 $14 hxg3 13. d5) 12... Qd7 13. Bxe6 Qxe6 14. Nd5 $1 {[%cal Rd5c7]} Rc8 ({Better is} 14... O-O-O $15 15. Qa4 hxg3) 15. Rg1 $11 hxg3 16. Rxg3 Kf8 17. f4 Nf7 (17... e4 $14) 18. Kd2 $16 Nd4 (18... Ne7 $16) 19. Qf1 $2 (19. Bxd4 $18 c6 20. Qg1 (20. Bxa7 cxd5 21. Qg1 Bh6 $11) 20... cxd5 21. Rg6 (21. Rxg7 dxc4 22. Rg6 Qd5 $16) (21. Bxa7 Bh6 $11)) 19... c6 (19... Nxe2 $11 20. Qxe2 c6) 20. Ndc3 $14 Rh7 (20... Nxe2 $11 21. Nxe2 Bf6) 21. Qg2 $1 $16 Rc7 (21... Rd8 $16 22. Bf2 Nxe2 23. Nxe2 Bh8 24. Rg8+ (24. Bxa7 Rg7 $16) 24... Ke7) 22. Rg1 Nh8 23. Kc1 a6 (23... Re7 $16) 24. Kb1 $18 Rf7 25. h4 Qf6 (25... Ke8 $142 26. fxe5 Nxe2 27. Qxe2 (27. Nxe2 dxe5 28. Bc5 Kd8 $16) 27... Bxe5) 26. c5 dxc5 27. fxe5 Qxe5 28. Bf4 Qf6 {[#]} 29. Bg5 (29. h5 $1 $18 {[%mdl 512]}) 29... Qd6 $1 $14 30. Re3 ({White should play} 30. Bc1 $16) 30... Ng6 $11 31. Nc1 $2 (31. Re1 $1 $14 {was forced to keep a grip.} Kg8 32. Nxd4 Qxd4 33. Qe2) 31... Kg8 $2 (31... Nxh4 $19 32. Qf1 Ng6) 32. Rge1 $2 (32. Re8+ $11 Rf8 33. Ree1) 32... Bf8 $2 (32... Nxh4 $19 33. Bxh4 Rxh4 34. Re8+ Rf8) 33. Re8 Rhg7 $1 {...Nxh4! is the strong threat.} 34. Qf2 Kh7 35. Qe3 Be7 $36 {[%mdl 2048] Black has the initiative.} 36. Bxe7 $2 (36. Nb3 $11 {and White has nothing to worry.}) 36... Rxe7 $19 ({Resist} 36... Nxe7 37. Nb3 $17) 37. Qg5 {[%cal Rg5h5]} Rxe8 38. Rxe8 $2 (38. Qh5+ Kg8 39. Rxe8+ Kf7 40. Rh8) 38... Nf8 $2 (38... Nf4 $19 {has better winning chances.} 39. Qd8 Qxd8 40. Rxd8 Rg1 41. Rd7+ Kg8) 39. Qh5+ $17 Kg8 40. Re1 (40. N3e2 $17) 40... Qg3 $19 41. Qd1 Qxh4 42. Rg1 $2 (42. N3e2 $17) 42... Rxg1 43. Qxg1+ Qg4 44. Qh2 b5 45. a3 Nfe6 46. Ka1 b4 {Played: Qg4-f4} 0-1

[Event "IV Copa Marcel Duchamp 2020"]
[Site "Montevideo"]
[Date "2020.02.08"]
[Round "1.9"]
[White "Diaz Hollemaert, Nahuel"]
[Black "Araujo Abimorad, Leonardo"]
[Result "1-0"]
[WhiteElo "2450"]
[BlackElo "1807"]
[Annotator "TA"]
[PlyCount "57"]
[EventDate "2020.02.08"]
[EventType "swiss"]
[EventCountry "URU"]
[SourceTitle "playchess.com"]
[Source "ChessBase"]
[SourceQuality "1"]

{[%evp 12,57,51,29,47,39,42,49,47,45,81,77,94,90,92,86,93,92,111,106,124,125,146,133,299,292,387,398,599,608,612,598,822,824,817,814,824,822,790,793,821,821,920,767,1030,999,1274,1264]} 1. Nf3 Nf6 2. c4 d6 3. d4 g6 4. Nc3 Bg7 5. e4 O-O 6. Be2 e5 7. d5 b6 {E92: King's Indian: Classical: 6 Be2 e5: 7 dxe5, 7 Be3 and Petrosian System without 7...Nbd7} 8. Bg5 Nbd7 9. Nd2 a5 {White is slightly better.} 10. a3 {[%cal Ba2a3,Ba3b4,Bb4c5][%mdl 32] [#]} Nc5 $146 ({Predecessor:} 10... h6 11. Bh4 g5 12. Bg3 Nxe4 13. Ndxe4 f5 14. Bd3 f4 15. O-O Nc5 16. Nxc5 bxc5 {0-1 (27) Ruiz Vinals,M (2101)-Alemany Jara,A (1766) Palma de Mallorca 2009}) 11. b4 axb4 12. axb4 {[%mdl 64] [#] Discovered Attack} Rxa1 13. Qxa1 Na6 14. Qa3 $36 {[%mdl 2048] White has strong initiative.} h6 15. Be3 Nb8 16. c5 bxc5 17. bxc5 {Strongly threatening c6.} Re8 $2 {[#]} (17... c6 $16 {was called for.}) 18. c6 $18 g5 19. O-O Ng4 (19... Nxc6 $142 20. dxc6 Be6) 20. Ba7 {White is clearly winning.} Nxc6 21. dxc6 f5 22. Bxg4 fxg4 23. Nd5 Be6 24. Qa5 Bxd5 25. Qxd5+ Kh7 26. Rb1 Qe7 27. Nf1 Ra8 28. Rb7 Bf6 29. Bb8 {Accuracy: White = 100%, Black = 46%.} 1-0

[Event "IV Copa Marcel Duchamp 2020"]
[Site "Montevideo"]
[Date "2020.02.08"]
[Round "1.10"]
[White "De Haro, Martim Afonso Palma"]
[Black "Garcia Palermo, Carlos"]
[Result "0-1"]
[WhiteElo "1788"]
[BlackElo "2434"]
[Annotator "TA"]
[PlyCount "54"]
[EventDate "2020.02.08"]
[EventType "swiss"]
[EventCountry "URU"]
[SourceTitle "playchess.com"]
[Source "ChessBase"]
[SourceQuality "1"]

{[%evp 12,54,40,40,49,42,38,14,18,-27,0,0,0,0,0,-20,21,4,0,0,0,0,6,-13,-1,-12,0,-70,-36,-68,-47,-69,-70,-100,-89,-176,-180,-172,-172,-204,-182,-174,-154,-183,-171]} 1. e4 c6 2. Nf3 d5 3. Nc3 dxe4 4. Nxe4 Bf5 5. Ng3 Bg4 6. h3 Bxf3 7. Qxf3 Nf6 {B11: Caro-Kann: Two Knights Variation} 8. Bc4 e6 9. d3 Nbd7 {[#] The position is equal.} 10. Bb3 $146 ({Predecessor:} 10. Bf4 Nb6 11. Bb3 Nbd5 12. Bd2 Bd6 13. Ne4 Be7 14. O-O Qc7 15. Rfe1 O-O 16. d4 {0-1 (72) Laperuta,R (1566)-Stiegemeier,F (2013) Hebraica 2019}) 10... a5 {...a4 is the strong threat.} 11. a4 Bb4+ 12. Ke2 O-O 13. c3 Be7 14. Rd1 Ne5 15. Qe3 Ng6 16. Kf1 Nd5 17. Qe4 Qb6 $36 {[%mdl 2048] White is under pressure.} 18. Bc2 Rad8 19. Ne2 (19. d4 $11) 19... e5 (19... f5 $5 {[%cal Rf5e4]} 20. Qc4 (20. Qxe6+ Kh8 $17) 20... e5 $11) 20. Qc4 f5 21. Qb3 Qc7 22. Bd2 Kh8 23. c4 (23. Kg1 $17) 23... Nb4 $19 {Black is clearly better.} 24. Bxb4 Bxb4 ({Don't take} 24... axb4 25. a5 $17) 25. d4 e4 26. Kg1 Qe7 27. d5 Qe5 {Accuracy: White = 68%, Black = 85%.} 0-1

[Event "IV Copa Marcel Duchamp 2020"]
[Site "Montevideo"]
[Date "2020.02.08"]
[Round "1.11"]
[White "Roselli Mailhe, Bernardo"]
[Black "Silva Rosas, Natalia"]
[Result "1-0"]
[WhiteElo "2433"]
[BlackElo "1787"]
[Annotator "TA"]
[PlyCount "61"]
[EventDate "2020.02.08"]
[EventType "swiss"]
[EventCountry "URU"]
[SourceTitle "playchess.com"]
[Source "ChessBase"]
[SourceQuality "1"]

{[%evp 16,77,22,27,25,20,47,32,91,38,44,-7,45,28,94,83,86,48,57,56,50,55,129,72,200,228,302,247,247,247,247,247,248,247,245,251,251,216,223,216,333,343,337,345,347,331,304,253,414,409,558,560,519,532,521,491,599,690,828,805,1052,1009,29983,29984]} 1. d4 f5 2. Nf3 g6 3. g3 Nf6 4. Bg2 Bg7 5. O-O O-O 6. c4 d6 7. Nc3 Qe8 8. d5 c6 9. Nd4 c5 {A88: Dutch Defence: Leningrad System: 5 Nf3 0-0 6 0-0 d6 7 Nc3 c6.} 10. Ndb5 {[#] aiming for Nc7.} Na6 $146 ({Predecessor:} 10... Qd8 11. e4 a6 12. Na3 fxe4 13. Nxe4 Nxe4 14. Bxe4 Nd7 15. Qb3 Nf6 16. Bg2 Rb8 17. Bf4 {0-1 (44) Slaba,A (1882)-Hrubsa,M (1923) Slovakia 2018}) 11. a3 h6 (11... Bd7 $14) 12. f4 (12. e4 $16) 12... Qd8 $14 13. h3 ({White should try} 13. e4 $14) 13... Bd7 (13... Nb8 $11 14. a4 a6) 14. Kh2 Ne8 (14... Nb8 $11) 15. e4 $16 Nec7 16. e5 Nxb5 17. cxb5 Nc7 18. a4 Rb8 (18... b6 $14) 19. Re1 ({Better is} 19. e6) 19... dxe5 (19... b6 $16 {was called for.}) 20. fxe5 $18 f4 21. gxf4 Bf5 22. Be3 b6 23. Qf3 Qe8 24. Rad1 Qf7 25. Qg3 Kh8 26. Bc1 Rbd8 27. Re2 c4 (27... h5 $142 28. b3 Bh6) 28. Rd4 Bd3 29. Re1 Qf5 {[#]} 30. b3 $1 {[%cal Bb2b3,Bb3c4][%mdl 544]} Ne6 (30... cxb3 31. Rxd3) 31. Rxd3 {Played: Rd4xc4} 1-0